El dibujo infantil

Guardat en:
Dades bibliogràfiques
Autor principal: Fabregat, Ernesto (Autor)
Format: Llibre
Idioma:espanyol
Publicat: Ciudad de México Fernández 1963
Edició:2a. ed
Col·lecció:Ensayos pedagógicos
Matèries:
Etiquetes: Afegir etiqueta
Sense etiquetes, Sigues el primer a etiquetar aquest registre!

MARC

LEADER 00000nam a2200000 a 4500
001 UCY6197
003 CL-VaPUC
008 950521e19630000MX |||||||||||||||||spa|d
082 0 4 |a 155.413  |b FAB  |2 21 
100 0 |a Fabregat, Ernesto  |e author  |9 336005 
245 1 3 |a El dibujo infantil 
246 1 3 |a El dibujo y la psicología 
250 |a 2a. ed 
300 |a 202 p 
942 |c BK 
945 |d 19950521 00:00:00  |a cmena 
260 |a Ciudad de México  |b Fernández  |c 1963 
650 0 |a Psicología   |9 257863 
650 0 |a Niños  |9 255605 
650 0 |a Psicología del niño  |9 307305 
650 0 |a Dibujo   |9 260181 
650 7 |a INVESTIGACION PSICOLOGICA  |2 CL-VaPUC  |9 309030 
650 0 |a Desarrollo mental   |9 313003 
650 0 |a Desarrollo individual   |9 307875 
583 |a last modification  |c 19950521 00:00:00  |k Rodrigo Vera 
490 0 |a Ensayos pedagógicos 
999 |c 233777  |d 233775 
952 |0 0  |1 0  |4 0  |6 155_413000000000000_FAB_1963  |7 0  |8 P  |9 239520  |a BIBEDU  |b BIBEDU  |c BIBEDU_PB  |d 2019-11-18  |i 1507516  |o 155.413 FAB 1963  |p 1507516  |r 2024-01-25  |w 2019-11-18  |y BK  |k EDU